• 首页
  • 本馆介绍
  • 公告通知
  • 最新文献
  • 馆藏检索
  • 电子资源
  • 读者导购
  • 参考咨询
  • 我的图书馆
  • 登录
  • 详细信息显示
  • 放入我的书架
  • 预约/预借图书
  • 作者相关作品
  • 分类相关作品
  • 丛书相关作品
  • 出版社相关作品

书目信息

  • 表格格式
  • 工作单格式
  • 卡片格式
题名:
科技进步:纲要法
    
 
作者: 格维希阿尼 著 ;乔光汉 译
分册:  
出版信息: 北京   科学技术文献出版社  1987.07
页数: 276页
开本: 19cm
丛书名: 科技政策与管理译丛
单 册:
中图分类: D151.20
科图分类:
主题词: 国际共产主义运动
电子资源:
ISBN:
000 00731nam0 2200241 45
001 0404271591
005 20040427151850.5
010    @dCNY2.10
011    @a4176.38
100    @a20040427d1987 km y0chiy0120 ea
101 0  @achi
105    @a z 000yy
200 1  @a科技进步:纲要法@AKe Ji Jin Bu:Gang Yao Fa@f(苏)Д·М·格维希阿尼等著@F(Su)Д·М·Ge Wei Xi A Ni Deng Zhu@g乔光汉译
210    @a北京@c科学技术文献出版社@d1987.07
215    @a276页@d19cm
225    @a科技政策与管理译丛
410    @12001 @a科技政策与管理译丛
606 0  @a国际共产主义运动
690    @aD151.20@v3
701  0 @a格维希阿尼@4著
702  0 @a乔光汉@AQiao Guang Han@4译
801    @aCN@bPftUser@c20040427
905    @f2@b213368-369@dD151.20@e9
    
    科技进步:纲要法/(苏)Д·М·格维希阿尼等著/乔光汉译.-北京:科学技术文献出版社,1987.07
    276页;19cm.-(科技政策与管理译丛)
    
    
    ISBN :CNY2.10
    
●
相关链接 在E读中查询图书 在五车中查询图书 在当当中查询图书 在豆瓣中查询图书


正题名:科技进步:纲要法     索取号:D151.20/9         预约/预借

序号 登录号 条形码 馆藏地/架位号 状态 备注
1 0213368   001011121   第一借阅区/ [索取号:D151.20/9] 在馆    
2 0213369   001011130   密集书库/ [索取号:D151.20/9] 在馆    
3 0213370   001011149   第一样本阅览室/ [索取号:D151.20/9] 在馆    
唐山师范学院图书馆 欢迎您!
大连网信软件有限公司© 版权所有